| 000 | 00516nam a2200193Ia 4500 | ||
|---|---|---|---|
| 005 | 20260429112207.0 | ||
| 008 | 260429s9999||||xx |||||||||||||| ||und|| | ||
| 020 | _a9789355272775 | ||
| 041 | _aEnglish | ||
| 082 |
_a915.47 _bBUR |
||
| 100 | _aBurton, Richard F. | ||
| 245 | 0 |
_aGoa and the blue mountains / _cRichard F. Burton |
|
| 250 | _a1st ed. | ||
| 260 |
_aChennai : _bMaven Books, _c2026. |
||
| 300 | _a232 p.; hb | ||
| 650 | _a Hill regions-India | ||
| 650 | _aGoa-Description and travel | ||
| 942 | _cTB | ||
| 999 |
_c52822 _d52822 |
||